| 000 | 01819cam a22003015a 4500 | ||
|---|---|---|---|
| 001 | 017901453 | ||
| 003 | OSt | ||
| 005 | 20171228124756.0 | ||
| 008 | 160629s2017 enka frb 001 0 eng d | ||
| 020 | _a9781137606495 | ||
| 040 |
_aUk _beng _cUk _dEG-ScBUE |
||
| 082 | 0 | 4 |
_a346.42022 _bMCK _222 |
| 100 | 1 |
_aMcKendrick, Ewan. _939358 |
|
| 245 | 1 | 0 |
_aContract law / _cEwan McKendrick. |
| 250 | _a11th ed. | ||
| 260 |
_aLondon : _bPalgrave / Macmillan Publishers, _c2017. |
||
| 300 |
_axxxiv, 434 p. : _bill. ; _c24 cm. |
||
| 490 | 0 | _aPalgrave law masters | |
| 504 | _aIncludes bibliographical references and index. | ||
| 505 | 0 | _a1. Introduction<BR>PART I: THE FORMATION AND SCOPE OF A CONTRACT<BR>2. Agreement: Clearing the Ground<BR>3. Offer and Acceptance<BR>4. Certainty and Agreement Mistakes<BR>5. Consideration and Form<BR>6. Intention to Create Legal Relations<BR>7. Third Party Rights<BR>PART II: THE CONTENT OF A CONTRACT<BR>8. What is a Term?<BR>9. The Sources of Contractual Terms<BR>10. The Classification of Contractual Terms<BR>11. Exclusion Clauses<BR>PART III: POLICING THE CONTRACT<BR>12. A Duty to Disclose Material Facts?<BR>13. Misrepresentation<BR>14. Common Mistake and Frustration<BR>15. Illegality<BR>16. Capacity<BR>17. Duress, Undue Influence and Inequality of Bargaining Power<BR>18. Unfair Terms in Consumer Contracts<BR>PART IV: PERFORMANCE, DISCHARGE AND REMEDIES FOR BREACH OF CONTRACT<BR>19. Performance and Discharge of the Contract<BR>20. Breach of Contract<BR>21. Damages for Breach of Contract<BR>22. Obtaining an Adequate Remedy<BR><BR> | |
| 650 | 7 |
_aContracts. _2BUEsh |
|
| 650 | 7 |
_aContracts _zEngland. _2BUEsh _923175 |
|
| 650 | 7 |
_aContracts _zWales. _2BUEsh |
|
| 651 | _2BUEsh | ||
| 653 |
_bLLAAWW _cNovember2017 _cDecember2017 |
||
| 655 |
_vText book _933728 |
||
| 942 | _2ddc | ||
| 999 |
_c25577 _d25549 |
||